00636nam a2200181 i 4500001000700000003000900007005001700016007000300033008004100036100002700077245013500104260004400239300002200283600005800305650002900363700004100392852002100433141165ES-MaACL20250913172629.0t|070919s1946 sp ||||1| fre d1 aVitoria, Francisco de.14aLes principes du droit public chez Francisco de Vitoria : bchoix des textes / cintroduction et notes par Antonio Truyol y Serra. aMadrid : bCultura Hispánica, c1946. a115 p. ; c24 cm.14aVitoria, Francisco de-xCrítica e interpretación. 7aDerecho público2embne1 aTruyol y Serra, Antonio, d1913-2003 aES-MaACLjD-8445